000 00422nam a2200169Ia 4500
008 230524s9999 xx 000 0 und d
020 _a8120324927
082 _a621.381
_bNII
100 _aNIIT
245 0 _aDigital Electronics : An Introduction to Sequential Logic Design
250 _a*
260 _aNEW DELHI
_bPHI
_c2004
300 _a171
500 _aQuantity Number: 2
650 _aElectronics
942 _cBK
999 _c7560
_d7560